Comercialización exterior de los productos agrícolas de Costa Rica
Պահպանված է:
| Համատեղ հեղինակ: | |
|---|---|
| Ձևաչափ: | Անհայտ |
| Հրապարակվել է: |
San José:
CEDAL
|
| Խորագրեր: | |
| Ցուցիչներ: |
Ավելացրեք ցուցիչ
Չկան պիտակներ, Եղեք առաջինը, ով նշում է այս գրառումը!
|
MARC
| LEADER | 00000 a2200000 04500 | ||
|---|---|---|---|
| 001 | 14118 | ||
| 003 | |||
| 008 | 991231s d | ||
| 040 | |||
| 020 | |a 9977-956-03-0 | ||
| 022 | |a 9977-956-03-0 | ||
| 090 | |a 018005 | ||
| 110 | |a CEDAL. Fundación Friedrich Ebert | ||
| 245 | |a Comercialización exterior de los productos agrícolas de Costa Rica | ||
| 260 | |a San José: |b CEDAL | ||
| 300 | |a 143 p. | ||
| 650 | |a EXPORTACIONES | ||
| 999 | |c 12620 |d 12620 | ||



